MARC

LEADER 00000nam0a2200000 4500
001 66995
005 20231031073223.0
010 |a 5170204949 
010 |a 5-94643-076-9 
035 |a (RuTPU)RU\TPU\book\71348 
090 |a 66995 
100 |a 20040910d2003 m y0rusy50 ca 
101 1 |a rus  |c eng 
102 |a RU 
105 |a y z 000ay 
200 1 |a Женщина в белом. Лунный камень  |e Романы  |e пер. с англ.  |f У. Коллинз 
210 |a Москва  |c АСТ  |c Пушкинская библиотека  |d 2003 
215 |a 956 с. 
225 1 |a Золотой фонд мировой классики 
610 1 |a английская литература 
610 1 |a романы 
610 1 |a приключенческие романы 
610 1 |a любовные романы 
675 |a 82  |v 3 
700 1 |a Коллинз  |b У.  |g Уилки 
801 1 |a RU  |b 63413507  |c 20040910  |g PSBO 
801 2 |a RU  |b 63413507  |c 20140115  |g PSBO 
942 |c BK